| 000 | 01103cam a22002894a 4500 | ||
|---|---|---|---|
| 001 | 12206367 | ||
| 005 | 20160920091211.0 | ||
| 008 | 001019s2001 mau b 001 0 eng | ||
| 010 | _a 00053916 | ||
| 020 | _a0-674-00336-5 | ||
| 040 |
_aDLC _cDLC _dDLC |
||
| 041 | 1 |
_aeng _hfre |
|
| 042 | _apcc | ||
| 050 | 0 | 0 |
_aQH447 _b.M6713 2001 |
| 082 | 0 | 0 |
_aDC 572.86 _22001 _bM8m |
| 100 | 1 | _aMorange, Michel. | |
| 240 | 1 | 0 |
_aPart des gènes. _lEnglish |
| 245 | 1 | 4 |
_aThe misunderstood gene / _cMichel Morange ; translated by Matthew Cobb. |
| 260 |
_aCambridge, MA : _bHarvard University Press, _c2001. |
||
| 300 |
_aix, 222 pages ; _c22 cm. |
||
| 504 | _aIncludes bibliographical references (p. [187]-213) and index. | ||
| 650 | 0 |
_aGenes _vPopular works. |
|
| 650 | 0 |
_aMolecular genetics _vPopular works. |
|
| 906 |
_a7 _bcbc _corignew _d1 _eocip _f20 _gy-gencatlg |
||
| 942 |
_2ddc _cDC |
||
| 999 |
_c4711 _d4711 |
||